Historia de la educación y de la pedagogía

Guardat en:
Dades bibliogràfiques
Autor principal: Luzuriaga, Lorenzo (autor)
Format: Llibre
Idioma:espanyol
Publicat: Buenos Aires Losada S.A 1997
Edició:23a. ed
Col·lecció:Biblioteca Pedagógica
Matèries:
Etiquetes: Afegir etiqueta
Sense etiquetes, Sigues el primer a etiquetar aquest registre!

MARC

LEADER 00000cam a2200000 a 4500
001 UCC4818
003 CL-VaPUC
008 180831e19970000ag |||||||||||||||||spa|d
020 |a 9500383446 
082 0 4 |a 370.09  |b LUZ  |2 21 
100 |a Luzuriaga, Lorenzo  |e autor  |9 599016 
245 1 0 |a Historia de la educación y de la pedagogía 
250 |a 23a. ed 
300 |a 280 p 
942 |c BK 
945 |d 20180831 12:04:00  |a dcastane 
260 |a Buenos Aires  |b Losada S.A  |c 1997 
650 0 |a Historia de la educación   |9 257642 
650 0 |a Pedagogía  |9 255351 
583 |a last modification  |c 20190507 08:43:05  |k Rodrigo Vera 
490 0 |a Biblioteca Pedagógica 
999 |c 372204  |d 372202